000
00184 a2200097 4500
020
_a
0439795680
041
_a
eng
100
_a
Lasky, Kathryn
245
_a
The first collier
942
_c
BK
999
_c
9287
_d
9287